Les Essències del catalanisme i l'acció de govern / per Lluís Duran i Ventosa
Descripción Física:
72 p., [1] f. ; 19 cm
MARC
| LEADER | 00000nam a2200000Ia 4500 | ||
|---|---|---|---|
| 001 | 628 | ||
| 008 | 160829s1936 xx 000 0 cat d | ||
| 080 | |a M-3-328 | ||
| 100 | 1 | |a Duran i Ventosa, Lluís, |d 1870-1954 |9 24177 | |
| 245 | |a Les Essències del catalanisme i l'acció de govern / per Lluís Duran i Ventosa | ||
| 260 | |a Barcelona : |b Llibreria Puig Alfonso, |c 1936 | ||
| 300 | |a 72 p., [1] f. ; |c 19 cm | ||
| 590 | |a Abans del títol: Cinc decrets de la Generalitat. | ||
| 650 | 0 | |a Dret civil |z Catalunya |9 10507 | |
| 651 | 0 | |a Catalunya |x Política i govern |y 1931-1939, Segona República |9 53540 | |
| 710 | 1 | |a Catalunya. |b Generalitat |9 12125 | |
| 901 | |a Arxiu | ||
| 942 | |n 1 | ||
| 952 | |0 0 |1 0 |4 0 |6 M3328 |7 1 |9 43016 |a Arxiu |b Arxiu |d 2016-12-01 |l 0 |o M-3-328 |p 628 |r 2016-12-01 00:00:00 |w 2016-12-01 |y ARXIU | ||
| 999 | |c 45559 |d 45559 | ||